[Event "SE-2013-0-00137"]
[Site "LSS email"]
[Date "2013.03.29"]
[Round "?"]
[White "Gilardi, Oscar"]
[Black "Metz, Larry R"]
[Result "0-1"]
[WhiteElo "1233"]
[BlackElo "1398"]
[PlyCount "40"]
[EventDate "2013.02.12"]
[EventType "tourn (corr)"]
[EventRounds "6"]
[EventCountry "GER"]
[SourceTitle "Telechess CBM 163"]
[Source "ChessBase"]
[SourceDate "2014.11.11"]
[SourceVersion "2"]
[SourceVersionDate "2014.11.11"]
[SourceQuality "1"]

1. e4 e5 2. Nf3 Nc6 3. Bb5 Nf6 4. 0-0 Be7 5. Re1 0-0 6. c3 d6 7. h3 Bd7 8. d4 Nxd4 9. Nxd4 exd4 10. Bxd7 Qxd7 11. cxd4 d5 12. e5 Ne4 13. Nc3 Nxc3 14. bxc3 c5 15. a4 Rfc8 16. Ba3 b6 17. a5 bxa5 18. Bc1 cxd4 19. cxd4 Rc4 20. Re2 Bb4 0-1

[Event "RE-2012-0-00108"]
[Site "LSS email"]
[Date "2013.02.27"]
[Round "?"]
[White "Gilardi, Oscar"]
[Black "Casser, Aaron"]
[Result "1-0"]
[WhiteElo "1233"]
[BlackElo "1391"]
[PlyCount "99"]
[EventDate "2012.12.05"]
[EventType "tourn (corr)"]
[EventRounds "6"]
[EventCountry "GER"]
[SourceTitle "Telechess CBM 161"]
[Source "ChessBase"]
[SourceDate "2014.07.16"]
[SourceVersion "1"]
[SourceVersionDate "2014.07.16"]
[SourceQuality "1"]

1. e4 e6 2. d4 d5 3. Nc3 Nf6 4. Bg5 Be7 5. e5 Nfd7 6. Bxe7 Qxe7 7. f4 c5 8. Nb5 0-0 9. Nc7 cxd4 10. Nxa8 Qb4+ 11. Qd2 Qxb2 12. Rd1 Qxa2 13. c4 Qxd2+ 14. Rxd2 dxc4 15. Bxc4 Nc6 16. Nc7 a6 17. Nf3 Nc5 18. Nxd4 Nxd4 19. Rxd4 Bd7 20. f5 exf5 21. Rd5 b6 22. Nxa6 Be6 23. Rd4 Bxc4 24. Nxc5 b5 25. Kf2 h6 26. Rhd1 Kh7 27. Nb7 Re8 28. Nd6 Rxe5 29. Nxc4 bxc4 30. Rxc4 g5 31. Rd7 Kg6 32. Rcc7 f6 33. h3 f4 34. Rc6 Re8 35. h4 Rf8 36. Kf3 Ra8 37. Rdd6 Rf8 38. g3 fxg3 39. Kxg3 gxh4+ 40. Kxh4 Rf7 41. Rd1 Rf8 42. Rf1 Rf7 43. Rg1+ Kh7 44. Rg4 Rf8 45. Rc7+ Kh8 46. Rgg7 Rc8 47. Kh5 Rxc7 48. Rxc7 Kg8 49. Kxh6 Kf8 50. Kg6 1-0

[Event "SE-2012-0-00124"]
[Site "LSS email"]
[Date "2012.11.14"]
[Round "?"]
[White "Huerga, Aser"]
[Black "Gilardi, Oscar"]
[Result "1-0"]
[WhiteElo "1951"]
[BlackElo "1249"]
[PlyCount "95"]
[EventDate "2012.10.25"]
[EventType "tourn (corr)"]
[EventRounds "6"]
[EventCountry "GER"]
[SourceTitle "Telechess CBM 159"]
[Source "ChessBase"]
[SourceDate "2014.03.17"]
[SourceVersion "1"]
[SourceVersionDate "2014.03.17"]
[SourceQuality "1"]

1. d4 d5 2. c4 e6 3. Nf3 c6 4. Nc3 dxc4 5. a4 Bb4 6. e3 b5 7. Bd2 a5 8. axb5 Bxc3 9. Bxc3 cxb5 10. b3 Bb7 11. bxc4 b4 12. Bb2 Nf6 13. Bd3 0-0 14. 0-0 Nbd7 15. Nd2 Qc7 16. f3 e5 17. Qc2 Rfe8 18. c5 exd4 19. Bxd4 Ne5 20. Be2 Ba6 21. Bxa6 Rxa6 22. f4 Ned7 23. Rfc1 Rc8 24. Qd1 h6 25. h3 Qc6 26. Nc4 Rca8 27. Qa4 Qxa4 28. Rxa4 Ne4 29. Rxa5 Rxa5 30. Nxa5 Rxa5 31. c6 Ndf6 32. c7 Nd6 33. c8Q+ Nxc8 34. Rxc8+ Kh7 35. Rc7 Kg6 36. Rb7 Ra4 37. g4 h5 38. Rb6 Kh7 39. Bxf6 gxf6 40. Rxf6 Kg7 41. Rb6 Ra3 42. Kf2 Ra2+ 43. Kg3 Re2 44. Kf3 Rh2 45. g5 Rxh3+ 46. Ke4 Rg3 47. Rxb4 h4 48. Rb6 1-0

[Event "SF-2012-0-00173"]
[Site "LSS email"]
[Date "2012.10.26"]
[Round "?"]
[White "Shim Ng Min, Francis"]
[Black "Gilardi, Oscar"]
[Result "1/2-1/2"]
[WhiteElo "862"]
[BlackElo "1249"]
[PlyCount "28"]
[EventDate "2012.10.07"]
[EventType "tourn (corr)"]
[EventRounds "6"]
[EventCountry "GER"]
[SourceTitle "Corr 2015"]
[Source "ChessBase"]
[SourceDate "2015.07.17"]
[SourceVersion "1"]
[SourceVersionDate "2015.07.17"]
[SourceQuality "1"]

1. e4 c5 2. Nf3 d6 3. Bb5+ Bd7 4. Bxd7+ Qxd7 5. 0-0 Nc6 6. d4 cxd4 7. Nxd4 Nf6 8. Nc3 g6 9. h3 Bg7 10. Be3 0-0 11. Qd2 Rac8 12. Rfd1 Ne5 13. b3 Rfd8 14. f3 a6 1/2-1/2

[Event "CP-2012-P-00030"]
[Site "LSS email"]
[Date "2012.10.01"]
[Round "?"]
[White "Gilardi, Oscar"]
[Black "Grego, Luis Jose Gonzaga"]
[Result "1/2-1/2"]
[WhiteElo "1221"]
[BlackElo "2040"]
[PlyCount "55"]
[EventDate "2012.10.05"]
[EventType "tourn (corr)"]
[EventRounds "6"]
[EventCountry "GER"]
[SourceTitle "Telechess CBM 163"]
[Source "ChessBase"]
[SourceDate "2014.11.11"]
[SourceVersion "2"]
[SourceVersionDate "2014.11.11"]
[SourceQuality "1"]

1. e4 c5 2. Nf3 g6 3. d4 cxd4 4. Nxd4 Bg7 5. Nc3 Nc6 6. Be3 Nf6 7. Bc4 d6 8. f3 0-0 9. Qd2 Bd7 10. 0-0-0 Rc8 11. Bb3 Ne5 12. Kb1 a6 13. h4 h5 14. Bh6 Nc4 15. Bxc4 Rxc4 16. Bxg7 Kxg7 17. Rhe1 Re8 18. Nde2 Qa5 19. Nf4 Bc6 20. a3 b5 21. Nd3 Rc8 22. e5 Nd5 23. Ne4 b4 24. exd6 Nc3+ 25. Nxc3 bxc3 26. Re5 Qa4 27. Qc1 Rb8 28. Rxh5 1/2-1/2

[Event "RN-2012-0-00527"]
[Site "LSS email"]
[Date "2012.09.04"]
[Round "?"]
[White "Gilardi, Oscar"]
[Black "Klawitter, Bernd"]
[Result "1-0"]
[WhiteElo "1185"]
[BlackElo "860"]
[PlyCount "63"]
[EventDate "2012.08.22"]
[EventType "tourn (corr)"]
[EventRounds "6"]
[EventCountry "GER"]
[SourceTitle "Telechess CBM 165"]
[Source "ChessBase"]
[SourceDate "2015.03.11"]
[SourceVersion "1"]
[SourceVersionDate "2015.03.11"]
[SourceQuality "1"]

1. e4 c6 2. d4 d5 3. Nd2 dxe4 4. Nxe4 Bf5 5. Ng3 Bg6 6. h4 h6 7. h5 Bh7 8. Nf3 Nf6 9. Bd3 Bxd3 10. Qxd3 e6 11. Bd2 Nbd7 12. 0-0-0 Qb6 13. Ne4 Nxe4 14. Qxe4 Nf6 15. Qe2 Bd6 16. c4 Bb4 17. Bxb4 Qxb4 18. Ne5 Ke7 19. Rh3 Qa5 20. Kb1 Rhd8 21. Qf3 Rab8 22. Qf4 Qb4 23. g4 Rdc8 24. g5 hxg5 25. Qxg5 Rg8 26. Rf3 Qa4 27. b3 Qa6 28. h6 gxh6 29. Qxf6+ Kd6 30. c5+ Kd5 31. Ng6 Rxg6 32. Qe5# 1-0

[Event "OP-2012-0-02207"]
[Site "LSS email"]
[Date "2012.05.21"]
[Round "?"]
[White "Gilardi, Oscar"]
[Black "Holmquist, Marson C"]
[Result "1-0"]
[WhiteElo "1185"]
[BlackElo "518"]
[PlyCount "33"]
[EventDate "2012.05.18"]
[EventType "tourn (corr)"]
[EventRounds "4"]
[EventCountry "GER"]
[SourceTitle "Corr 2015"]
[Source "ChessBase"]
[SourceDate "2015.07.17"]
[SourceVersion "1"]
[SourceVersionDate "2015.07.17"]
[SourceQuality "1"]

1. e4 e5 2. Nf3 Nc6 3. Bb5 a6 4. Ba4 b5 5. Bb3 Nf6 6. 0-0 Nxe4 7. d4 exd4 8. Nxd4 Bb7 9. Re1 Ne5 10. Nc3 Bc5 11. Nxe4 0-0 12. Nxc5 Bc8 13. Rxe5 d6 14. Bg5 dxe5 15. Bxd8 Rxd8 16. Qf3 exd4 17. Qxa8 1-0

[Event "OP-2012-0-02207"]
[Site "LSS email"]
[Date "2012.05.21"]
[Round "?"]
[White "Gilardi, Oscar"]
[Black "Secondi, Alberto"]
[Result "1-0"]
[WhiteElo "1185"]
[BlackElo "600"]
[PlyCount "43"]
[EventDate "2012.05.18"]
[EventType "tourn (corr)"]
[EventRounds "4"]
[EventCountry "GER"]
[SourceTitle "Telechess CBM 165"]
[Source "ChessBase"]
[SourceDate "2015.03.11"]
[SourceVersion "1"]
[SourceVersionDate "2015.03.11"]
[SourceQuality "1"]

1. e4 e6 2. d4 d5 3. Nc3 Bb4 4. e5 Ne7 5. a3 Ba5 6. Qg4 Ng6 7. h4 h5 8. Qg3 0-0 9. b4 Bb6 10. Be3 a6 11. Bd3 Nc6 12. Nge2 Nce7 13. 0-0 Nf5 14. Bxf5 exf5 15. Bg5 Qe8 16. Nxd5 Be6 17. Nf6+ gxf6 18. Bxf6 Qc6 19. Qg5 Kh7 20. Qxh5+ Kg8 21. Nf4 Qd7 22. Qh6 1-0

[Event "OP-2012-0-02207"]
[Site "LSS email"]
[Date "2012.05.21"]
[Round "?"]
[White "Kovacs, Arthur"]
[Black "Gilardi, Oscar"]
[Result "1/2-1/2"]
[WhiteElo "2476"]
[BlackElo "1185"]
[PlyCount "103"]
[EventDate "2012.05.18"]
[EventType "tourn (corr)"]
[EventRounds "4"]
[EventCountry "GER"]
[SourceTitle "Telechess CBM 165"]
[Source "ChessBase"]
[SourceDate "2015.03.11"]
[SourceVersion "1"]
[SourceVersionDate "2015.03.11"]
[SourceQuality "1"]

1. d4 d5 2. Nf3 Nf6 3. c4 c6 4. Nc3 e6 5. Bg5 Nbd7 6. e3 Qa5 7. cxd5 Nxd5 8. Qd2 Bb4 9. Rc1 h6 10. Bh4 c5 11. a3 Bxc3 12. bxc3 b6 13. Be2 Bb7 14. 0-0 0-0 15. Qb2 Rfc8 16. c4 N5f6 17. Rfd1 cxd4 18. Nxd4 Qe5 19. Bg3 Qg5 20. Qc2 Be4 21. Qc3 Nc5 22. Nf3 Bxf3 23. Bxf3 Nce4 24. Qc2 Qf5 25. Bf4 Rd8 26. g4 Qg6 27. Rd4 Rxd4 28. exd4 Rd8 29. Be3 h5 30. h3 hxg4 31. hxg4 Ng5 32. Bg2 Qh6 33. Qd2 Nh3+ 34. Kf1 Qh4 35. f3 g5 36. Qe1 Qh7 37. Bxh3 Qxh3+ 38. Ke2 Qh2+ 39. Qf2 Qxf2+ 40. Bxf2 Kg7 41. a4 Rc8 42. Be3 Kg6 43. a5 Nd7 44. Kd3 f6 45. Rc2 Rd8 46. axb6 axb6 47. Kc3 Rh8 48. Kb4 Rh3 49. Rf2 e5 50. Kb5 exd4 51. Bxd4 Rh1 52. Rd2 1/2-1/2